WWE Pay-Per-View (PPV) Main Events - 2001 - Statistics

General Stats
  • This quiz has been taken 930 times
    745 since last reset
  • The average score is 14 of 16
Answer Stats
PPV Answer % Correct
Royal Rumble, WrestleMania X-Seven, Backlash, Insurrextion, Judgment Day, King of the Ring, Invasion, Unforgiven, No Mercy, Rebellion, Survivor Series, Vengeance Stone Cold Steve Austin
99%
No Way Out, WrestleMania X-Seven, SummerSlam, Rebellion, Survivor Series The Rock
99%
Backlash, Insurrextion, Judgment Day, Invasion, Survivor Series The Undertaker
99%
Backlash, Invasion, Survivor Series Kane
98%
Backlash, Insurrextion Triple H
97%
No Way Out, Invasion, Unforgiven, No Mercy, Survivor Series Kurt Angle
95%
King of the Ring, Invasion, Survivor Series, Vengeance Chris Jericho
93%
Invasion, SummerSlam, Survivor Series Booker T
92%
Survivor Series Shane McMahon
88%
Survivor Series The Big Show
85%
King of the Ring Chris Benoit
83%
No Mercy, Survivor Series Rob Van Dam
83%
Invasion Bubba Ray Dudley
72%
Invasion D-Von Dudley
72%
Invasion Diamond Dallas Page
66%
Invasion Rhyno
57%
No matching quizzes found
Score Distribution
Percent of People with Each Score
Percentile by Number Answered
Your Score History
You have not taken this quiz since the last reset